000 02726nam0a2200397 4500
001 RU\NLR\bibl\895227
005 20260405093149.0
010 _a5-7638-0587-9
_9150
021 _aRU
_b2005-69547
_93423
035 _a(nilc)RSL-KNO-002764093
035 _a(NLR Aleph) 000883698
090 _a1674958
_c1674958
100 _a20051028d2005 |||y0rusy50 ca
101 0 _arus
102 _aRU
105 _aa |||||||||
106 _ar
200 1 _aУравнения математической физики
_eучеб. пособие
_e[для студентов, обучающихся по специальностям и направлениям: "Математика", "Математика. Компьютерные науки", "Прикладная математика и информатика", "Физика"]
_fВ.К. Андреев, Ю.Я. Белов, Н.Н. Лазарева, Т.Н. Шипина
_gФедер. агентство по образованию, Краснояр. гос. ун-т, Рос. акад. наук, Ин-т вычисл. моделирования СО РАН
210 _aКрасноярск
_cКраснояр. гос. ун-т
_d2005
215 _a128 с.
_d20
320 _aБиблиогр.: с. 118-119 (22 назв.)
606 1 _aМатематическая физика
_jУчебные издания для высших учебных заведений
_xУравнения
_91003365
_3RU\NLR\auth\66380826
610 0 _aФизико-математические науки -- Математика -- Математический анализ -- Дифференциальные уравнения -- Дифференциальные уравнения с частными производными -- Дифференциальные уравнения математической физики -- Учебник для высшей школы
686 _aВ161.621я73-1
_2rubbk
686 _aВ311я73-1
701 1 _4070
_8rus
_7ca
_aАндреев
_bВ. К.
_cд-р физ.-мат. наук
_gВиктор Константинович
_3RU\NLR\auth\7734132
_917138
701 1 _4070
_8rus
_7ca
_aБелов
_bЮ. Я.
_cд-р физ.-мат. наук
_gЮрий Яковлевич
_3RU\NLR\auth\7734136
_917142
701 1 _4070
_8rus
_7ca
_aЛазарева
_bН. Н.
_cматематик
_gНина Николаевна
_3RU\NLR\auth\7734139
_917145
701 1 _4070
_aШипина
_bТ. Н.
_cканд. физ.-мат. наук
_gТатьяна Николаевна
_9178683
_3RU\NLR\AUTH\770178734
801 0 _aRU
_bRuMoRKP
_c20051028
_grcr
801 1 _aRU
_bRuMoRGB
_c20051028
801 2 _aRU
_bNLR
_c20060110
_grcr
942 _cBOOK
980 _aNB